Central Library OPAC University of Rajshahi

Topical comment : (Record no. 42490)

MARC details
000 -LEADER
fixed length control field 00846nam a2200253 a 4500
001 - CONTROL NUMBER
control field 42490
003 - CONTROL NUMBER IDENTIFIER
rucl marc code BD-RjUL
005 - DATE AND TIME OF LATEST TRANSACTION
control field 20211209053541.0
008 - FIXED-LENGTH DATA ELEMENTS--GENERAL INFORMATION
fixed length control field 160613s1961 enka b 001 0 eng
035 ## - SYSTEM CONTROL NUMBER
System control number (BD-RjUL)42608
System control number (OCoLC)7268849
040 ## - CATALOGING SOURCE
Original cataloging agency DLC
Transcribing agency KWiU
Modifying agency OCoLC
-- Uk
-- DLC
-- BD-RjUL
Language of cataloging eng
041 ## - LANGUAGE CODE
Language code of text/sound track or separate title eng
082 ## - DEWEY DECIMAL CLASSIFICATION NUMBER
Classification number 330.9
Edition number 23
Author mark and year HAT 1961
100 1# - MAIN ENTRY--PERSONAL NAME
Personal name Harrod, Roy
Dates associated with a name 1900-1978.
9 (RLIN) 130690
245 10 - TITLE STATEMENT
Title Topical comment :
Remainder of title essays in dynamic economics applied /
Statement of responsibility, etc. Roy Harrod
260 ## - PUBLICATION, DISTRIBUTION, ETC. (IMPRINT)
Place of publication, distribution, etc. London,
Name of publisher, distributor, etc. Macmillan;
Place of publication, distribution, etc. New York,
Name of publisher, distributor, etc. St. Martin's Press,
Date of publication, distribution, etc. 1961.
300 ## - PHYSICAL DESCRIPTION
Pagination 265 p. :
Illustrations ill ;
Size 23 cm.
650 #0 - SUBJECT ADDED ENTRY--TOPICAL TERM
Topical term or geographic name as entry element Economic history
Chronological subdivision 1945-1971.
9 (RLIN) 130691
Topical term or geographic name as entry element Economics.
9 (RLIN) 130692
651 #0 - SUBJECT ADDED ENTRY--GEOGRAPHIC NAME
Geographic name Great Britain
General subdivision Economic conditions
Chronological subdivision 1945-1964.
9 (RLIN) 130693
Geographic name United States
General subdivision Economic conditions
Chronological subdivision 1945-
9 (RLIN) 130694
942 ## - ADDED ENTRY ELEMENTS (KOHA)
Source of classification or shelving scheme Dewey Decimal Classification
Koha item type Books
Holdings
Lost status Source of classification or shelving scheme Damaged status Not for loan Collection code Permanent Location Current Location Shelving location Date acquired Source of acquisition Cost, normal purchase price Total Checkouts Full call number Date last seen Copy number Koha item type
  Dewey Decimal Classification     Non-fiction Central Library, University of Rajshahi Central Library, University of Rajshahi   31/03/1965 Such Zeithinger 25.00   330.9 HAT 1961 13/06/2016 C-2 Books
  Dewey Decimal Classification   Not For Loan Non-fiction Central Library, University of Rajshahi Central Library, University of Rajshahi Reading Room 01/04/1964 zeitlinger 25.00   330.9 HAT 1961 23/04/2019 C-1 Books